000 00533cam a22001931i 4500
001 000001066
005 20200929145455.0
008 770815s1969 xx 000 0 ita
040 _aDO-SdBNP
_cOCl
_dDLC
050 0 0 _aDG975.C173
_bV45
082 _bV549c
100 1 _aVeronelli, Luigi.
_93657
245 1 0 _aCampania /
_cLuigi Veronelli.
260 _a[Milano] :
_bGarzanti,
_c[1969].
300 _a253 p. ;
_c22 cm.
651 0 _aCampania (Italy{Rpara}
_vGuidebooks.
_93658
910 _aCatalogación por copia / LC
910 _aDC
999 _c1031
_d1031